02440nam a2200265 a 450000100090000000800410000901000150005002000190006502000280008405000200011210000190013224501230015126000540027430000640032835000110039250001830040350501870058652007670077365000170154099501610155799501610171899900170187995201390189695201390203516158472190612s2010 ||||||||||||||||| || u a2010010995 a9780123820020  a0123820022 (alk. paper) aQH 541.5.L3 Lak aLikens, Gene E10aLake ecosystem ecology: a global perspective, a derivative of Encyclopedia of inland waterscedited by Gene E. Likens. aAmsterdam ; BostonbElsevier Academic Pressc2010 axiii, 463 pages : illustrated (some col.), maps (some col.) a104.00 a"Material in this work originally appeared in Encyclopedia of Inland Waters by Gene E. Likens  (Elsevier Inc. 2009) "--T.p. verso. Includes bibliographical references and index. aLake ecosystems: structure, function and change -- Hydrodynamics and mixing in lakes -- Lakes and reservoirs of the world -- Lakes and reservoirs: pollution, management and services. a"A derivative of the Encyclopedia of Inland Waters, Lake Ecosystem Ecology examines the workings of the lake and reservoir ecosystems of our planet. Information and perspectives crucial to the understanding and management of current environmental problems are covered, such as eutrophication, acid rain and climate change. Because the articles are drawn from an encyclopedia, the articles are easily accessible to interested members of the public, such as conservationists and environmental decision makers. It includes an up-to-date summary of global aquatic ecosystems and issues; covers current environmental problems and management solutions; and features full-color figures and tables to support the text and aid in understanding."--Publisher's description. 0aLAKE ECOLOGY aMAIN LIBRARY OPEN ACCESSe749174FCBU-MAIN LIBRARY (Kitwe)I104.00jQH 541.5.L3 LakM2UAVAILABLEWJun 12, 2019y749174ZMain Library Open Access Collection aMAIN LIBRARY OPEN ACCESSe749173FCBU-MAIN LIBRARY (Kitwe)I104.00jQH 541.5.L3 LakM1UAVAILABLEWJun 12, 2019y749173ZMain Library Open Access Collection c80574d80574 00102lcc4070a001b001cMain Library Open Access Collectiond2023-06-30l0oQH 541.5.L3 Lakp749174r2023-06-30t1w2023-06-30y002 00102lcc4070a001b001cMain Library Open Access Collectiond2023-06-30l0oQH 541.5.L3 Lakp749173r2023-06-30t2w2023-06-30y002